Una filosofía de la fotografía.

Պահպանված է:
Մատենագիտական մանրամասներ
Հիմնական հեղինակ: Flusser, Vilém (autor)
Ձևաչափ: Գիրք
Հրապարակվել է: Madrid, España: Síntesis, D.L. 2009.
Շարք:El Espíritu y la Letra ;
Խորագրեր:
Ցուցիչներ: Ավելացրեք ցուցիչ
Չկան պիտակներ, Եղեք առաջինը, ով նշում է այս գրառումը!

MARC

LEADER 00000nam a22000007a 4500
003 CL-VaPUC
005 20250321101928.0
008 250121t2009 ||||| |||| 00| 0 spa d
999 |c 446704  |d 446702 
020 |a 84-7738-928-4 
040 |c Pontificia Universidad Católica de Valparaíso 
082 0 4 |a 770.1 FLU 2009  |2 21 
100 |a Flusser, Vilém  |e autor  |9 547265 
245 1 4 |a Una filosofía de la fotografía. 
260 |a Madrid, España:  |b Síntesis,  |c D.L. 2009.  
300 |a 191 páginas. 
490 0 |a El Espíritu y la Letra ;  |n  5. 
500 |a c.1-c.4. Instituto Arcos 8-1-2025. 
583 |a last modification  |c 20120930 10:49:32  |k GC 
650 0 |a Fotografía (Filosofía)  |9 895177 
650 0 |a Estética   |9 264950 
942 |c BK  |2 ddc  |n 0 
952 |0 0  |1 0  |2 ddc  |4 0  |6 770_100000000000000_FLU_2009  |7 0  |8 A  |9 599636  |a BIBINC  |b BIBINC  |d 2025-01-21  |e Instituto Arcos  |i 5664618  |o 770.1 FLU 2009  |p 5664618  |r 2025-01-21  |t 1  |w 2025-01-21  |y BK  |k IFP 
952 |0 0  |1 0  |2 ddc  |4 0  |6 770_100000000000000_FLU_2009  |7 0  |8 A  |9 599637  |a BIBINC  |b BIBINC  |d 2025-01-21  |e Instituto Arcos  |i 5664619  |o 770.1 FLU 2009  |p 5664619  |r 2025-01-21  |t 2  |w 2025-01-21  |y BK  |k IFP 
952 |0 0  |1 0  |2 ddc  |4 0  |6 770_100000000000000_FLU_2009  |7 0  |8 A  |9 599638  |a BIBINC  |b BIBINC  |d 2025-01-21  |e Instituto Arcos  |i 5664620  |o 770.1 FLU 2009  |p 5664620  |r 2025-01-21  |t 3  |w 2025-01-21  |y BK  |k IFP 
952 |0 0  |1 0  |2 ddc  |4 0  |6 770_100000000000000_FLU_2009  |7 0  |8 A  |9 599639  |a BIBINC  |b BIBINC  |d 2025-01-21  |e Instituto Arcos  |i 5664621  |o 770.1 FLU 2009  |p 5664621  |r 2025-01-21  |t 4  |w 2025-01-21  |y BK  |k IFP